Koleksi contoh teks ucapan berserta panduan asas penulisan teks ucapan / (Record no. 4024)

000 -LEADER
fixed length control field nam a22 a 4500
003 - CONTROL NUMBER IDENTIFIER
control field AKMAL
005 - DATE AND TIME OF LATEST TRANSACTION
control field 20170524160853.0
008 - FIXED-LENGTH DATA ELEMENTS--GENERAL INFORMATION
fixed length control field 170524s2009 my a e | 000 0 may d
020 ## - INTERNATIONAL STANDARD BOOK NUMBER
International Standard Book Number 9789675121203 (kkt.) :
Terms of availability RM20.00
040 ## - CATALOGING SOURCE
Original cataloging agency AKMAL
Transcribing agency AKMAL
082 04 - DEWEY DECIMAL CLASSIFICATION NUMBER
Classification number 808.5 NAS
Edition number 22
090 ## - LOCALLY ASSIGNED LC-TYPE CALL NUMBER (OCLC); LOCAL CALL NUMBER (RLIN)
Classification number (OCLC) (R) ; Classification number, CALL (RLIN) (NR) 808.5
Local cutter number (OCLC) ; Book number/undivided call number, CALL (RLIN) NAS
100 0# - MAIN ENTRY--PERSONAL NAME
Personal name N. A. Salleh,
Dates associated with a name 1976-
9 (RLIN) 7884
245 10 - TITLE STATEMENT
Title Koleksi contoh teks ucapan berserta panduan asas penulisan teks ucapan /
Statement of responsibility, etc. N. A. Salleh
260 ## - PUBLICATION, DISTRIBUTION, ETC.
Place of publication, distribution, etc. Cheras, Selangor :
Name of publisher, distributor, etc. Perintis Books,
Date of publication, distribution, etc. 2009
490 1# - SERIES STATEMENT
Series statement Siri cara mudah
650 10 - SUBJECT ADDED ENTRY--TOPICAL TERM
Topical term or geographic name entry element Speechwriting
General subdivision Technique
9 (RLIN) 7885
650 20 - SUBJECT ADDED ENTRY--TOPICAL TERM
Topical term or geographic name entry element Public speaking
General subdivision Technique
9 (RLIN) 7886
650 20 - SUBJECT ADDED ENTRY--TOPICAL TERM
Topical term or geographic name entry element Oral communication
General subdivision Technique
9 (RLIN) 7887
830 #0 - SERIES ADDED ENTRY--UNIFORM TITLE
Uniform title Siri cara mudah
9 (RLIN) 7882
942 ## - ADDED ENTRY ELEMENTS (KOHA)
Source of classification or shelving scheme
Koha item type Book
Holdings
Withdrawn status Lost status Source of classification or shelving scheme Damaged status Not for loan Collection code Home library Current library Shelving location Date acquired Inventory number Total Checkouts Full call number Barcode Date last seen Date last checked out Price effective from Koha item type
          NON-FICTION AKMAL Melaka AKMAL Melaka PINJAMAN 24.05.2017 800594 2 808.5 NAS 201705074 02.08.2019 19.07.2019 24.05.2017 Book
          NON-FICTION AKMAL Melaka AKMAL Melaka PINJAMAN 24.05.2017 800593   808.5 NAS 201705073 24.05.2017   24.05.2017 Book
Pusat Sumber Maklumat Dato' Haji Sarmin Md Hussin, Akademi Kastam Diraja Malaysia, Melaka
Tel: 06-2331106 | Faks: 06-2313787